| 000 | 00388nam a2200157Ia 4500 | ||
|---|---|---|---|
| 008 | 210716s1994 xx 000 0 und d | ||
| 020 | _a8170294843 | ||
| 041 | _aeng | ||
| 082 | _a005.3003 MURK | ||
| 100 | _aMurray, Katherine. | ||
| 245 | _aMastering power point 4 for windows | ||
| 250 | _a1 | ||
| 260 |
_aNew Delhi _bBPB Publications _c1994 |
||
| 300 | _axxv,398 | ||
| 650 | _aNone | ||
| 999 |
_c183112 _d183112 |
||